Vznik pracovného úrazu alebo choroby z povolania a povinnosti zamestnávateľa v súvislosti s novými právnymi úpravami

Bibliographic Details
Main Author: Pipová, Blanka (Author)
Format: Article
Language:Slovak
ISSN:0322-8347
Subjects:

MARC

LEADER 00000nab a2200000 a 4500
001 vtls009000351
003 SK-MaSNL
005 20260304174640.0
008 250506c2007 xo br|p|||||||000 b|slo
015 |a SNBRB2007/06  |2 snkbucl 
035 |a (uuid)3ddda628-2693-4a5c-8ed1-52e2f6adb043 
035 |a urn:nbn:sk:snk-abadrn 
035 |a (urnnbn)urn:nbn:sk:snk:ar-a0amze 
038 |a SNKBUCL 
040 |a SNKBUCL  |b slo  |c SNKBUCL  |e AACR2 
041 0 |a slo 
044 |a xo  |c SK 
080 |a 331.46/.47:347.515.2  |2 2001 
080 |a 614.8  |2 2001 
080 |a 613.62  |2 2001 
080 |a 347.515.2  |2 2001 
100 1 |a Pipová, Blanka  |4 aut  |9 858138 
245 1 0 |a Vznik pracovného úrazu alebo choroby z povolania a povinnosti zamestnávateľa v súvislosti s novými právnymi úpravami  |c Blanka Pipová 
650 0 7 |a pracovné úrazy  |2 snkbucl  |9 1713 
650 0 7 |a choroby z povolania  |2 snkbucl  |9 2542 
650 0 7 |a povinnosti zamestnávateľa  |2 snkbucl  |9 867569 
773 0 |t Bezpečná práca  |g Roč. 38, č. 3 (2007), s. 41  |x 0322-8347 
850 |a Slovenská národná knižnica 
852 |a Slovenská národná knižnica 
954 |a odborná, vedecká literatúra pôvodná (slovenská)  |2 lita 
958 |a article14 
958 |a OND 
958 |a EUIPO 
999 |c 3009921  |d 3011851